[Event "CAN-ch U16U18 Girls"]
[Site "Sault Ste Marie"]
[Date "2017.07.07"]
[Round "4.27"]
[White "Eirew, Pepi"]
[Black "Pobereshnikova, Agniya"]
[Result "0-1"]
[WhiteElo "1078"]
[BlackElo "1579"]
[PlyCount "68"]
[EventDate "2017.07.06"]
[EventType "swiss"]
[EventRounds "7"]
[EventCountry "CAN"]
[SourceTitle "EXT 2022"]
[Source "ChessBase"]
[SourceDate "2021.10.06"]
[SourceVersion "1"]
[SourceVersionDate "2021.10.06"]
[SourceQuality "1"]

1. d4 Nf6 2. Bf4 c5 3. e3 Nc6 4. c3 e6 5. Bd3 b6 6. Nd2 Bb7 7. Ngf3 Be7 8. Qc2 d5 9. Ne5 c4 10. Be2 0-0 11. g4 Nd7 12. Nxd7 Qxd7 13. h4 f6 14. 0-0-0 e5 15. Bg3 Bd6 16. Rdf1 Rae8 17. Kd1 Qe7 18. g5 Qe6 19. Qa4 a6 20. Re1 Ne7 21. gxf6 Qxf6 22. Reg1 Nf5 23. h5 Nxg3 24. fxg3 Qh6 25. Nf1 exd4 26. cxd4 Be7 27. Qd7 Bc6 28. Qa7 a5 29. g4 Bg5 30. b3 Bxe3 31. Nxe3 Qxe3 32. Re1 c3 33. Kc2 Qd2+ 34. Kb1 Qb2# 0-1

[Event "CAN-ch U18"]
[Site "Windsor"]
[Date "2016.07.08"]
[Round "6.6"]
[White "Pobereshnikova, Agniya"]
[Black "Mathews, Jeremy"]
[Result "0-1"]
[WhiteElo "1632"]
[BlackElo "1777"]
[PlyCount "40"]
[EventDate "2016.07.05"]
[EventType "swiss"]
[EventRounds "7"]
[EventCountry "CAN"]
[SourceTitle "EXT 2022"]
[Source "ChessBase"]
[SourceDate "2021.10.06"]
[SourceVersion "1"]
[SourceVersionDate "2021.10.06"]
[SourceQuality "1"]

1. e4 c5 2. Nc3 Nc6 3. Bb5 Nd4 4. Bc4 e6 5. Nge2 Nf6 6. 0-0 a6 7. a4 d5 8. exd5 exd5 9. Nxd5 Nxd5 10. Nxd4 cxd4 11. Qh5 Be6 12. Re1 Be7 13. Rxe6 Nf4 14. Qe5 Nxe6 15. Bxe6 fxe6 16. Qxg7 Bf6 17. Qg4 Qd5 18. d3 0-0-0 19. g3 Rdf8 20. Bf4 Be5 0-1

[Event "CAN-ch U18"]
[Site "Windsor"]
[Date "2016.07.07"]
[Round "5.6"]
[White "Pobereshnikova, Agniya"]
[Black "Tao, Rachel Long Xin"]
[Result "0-1"]
[WhiteElo "1632"]
[BlackElo "1744"]
[PlyCount "88"]
[EventDate "2016.07.05"]
[EventType "swiss"]
[EventRounds "7"]
[EventCountry "CAN"]
[SourceTitle "EXT 2022"]
[Source "ChessBase"]
[SourceDate "2021.10.06"]
[SourceVersion "1"]
[SourceVersionDate "2021.10.06"]
[SourceQuality "1"]

1. e4 c5 2. Nc3 Nc6 3. Bb5 Na5 4. f4 a6 5. Be2 d6 6. Nf3 e6 7. 0-0 Nf6 8. d3 Be7 9. Qe1 Qb6 10. b3 Bd7 11. Bd2 Nc6 12. Kh1 0-0-0 13. Na4 Qc7 14. b4 Nxb4 15. Bxb4 Bxa4 16. Ba5 b6 17. Bc3 Bc6 18. Ng5 Rdf8 19. d4 Bb7 20. Bd3 h6 21. Nf3 c4 22. e5 Nd5 23. Be4 Nxf4 24. Bxb7+ Qxb7 25. Rb1 Qc7 26. exd6 Bxd6 27. d5 Rhg8 28. dxe6 Nxe6 29. Ne5 f6 30. Nc6 Nc5 31. Nb4 b5 32. Qh4 Re8 33. Nd5 Qc6 34. Rbd1 Re4 35. Qh5 Rge8 36. Rd2 Re1 37. Rd1 Rxf1+ 38. Rxf1 Be5 39. Qf3 Kb7 40. Bb4 Bd6 41. Qh5 Re5 42. Qf7+ Nd7 43. Rd1 Re2 44. Nf4 Re7 0-1

[Event "CAN-ch U16 Girls"]
[Site "Windsor"]
[Date "2015.07.09"]
[Round "6.20"]
[White "Li, Yilin"]
[Black "Pobereshnikova, Agniya"]
[Result "1-0"]
[WhiteElo "2026"]
[BlackElo "1651"]
[PlyCount "47"]
[EventDate "2015.07.06"]
[EventType "tourn"]
[EventRounds "6"]
[EventCountry "CAN"]
[SourceTitle "EXT 2022"]
[Source "ChessBase"]
[SourceDate "2021.10.06"]
[SourceVersion "1"]
[SourceVersionDate "2021.10.06"]
[SourceQuality "1"]

1. e4 e5 2. Nf3 d5 3. exd5 Bd6 4. d4 e4 5. Nfd2 Nf6 6. Nb3 Nxd5 7. c4 Bb4+ 8. Bd2 Bxd2+ 9. Qxd2 Nf6 10. Be2 0-0 11. Nc3 Nbd7 12. g4 Qe7 13. Qe3 Nb6 14. Rg1 Qb4 15. Nd2 c6 16. g5 Ne8 17. Rb1 Nd6 18. a3 Nbxc4 19. axb4 Nxe3 20. fxe3 Re8 21. Nc4 Nf5 22. Bg4 b5 23. Bxf5 Bxf5 24. Nd6 1-0

[Event "CAN-ch U16 Girls"]
[Site "Windsor"]
[Date "2015.07.07"]
[Round "3.19"]
[White "Pobereshnikova, Agniya"]
[Black "Tao, Rachel Long Xin"]
[Result "0-1"]
[WhiteElo "1651"]
[BlackElo "1790"]
[PlyCount "42"]
[EventDate "2015.07.06"]
[EventType "tourn"]
[EventRounds "6"]
[EventCountry "CAN"]
[SourceTitle "EXT 2022"]
[Source "ChessBase"]
[SourceDate "2021.10.06"]
[SourceVersion "1"]
[SourceVersionDate "2021.10.06"]
[SourceQuality "1"]

1. e4 c5 2. Nf3 Nc6 3. d4 cxd4 4. Nxd4 Qb6 5. Nxc6 bxc6 6. Nc3 e6 7. a3 Bb7 8. Bd3 d5 9. Na4 Qa5+ 10. c3 Nf6 11. e5 Nd7 12. b4 Qc7 13. f4 Be7 14. 0-0 0-0 15. Rf3 g6 16. g4 c5 17. Rg3 d4 18. c4 Qc6 19. Kf2 Bh4 20. b5 Qg2+ 21. Ke1 Qxh2 0-1

[Event "CAN-ch U16/18 Girls"]
[Site "Montreal"]
[Date "2014.07.18"]
[Round "7"]
[White "Pobereshnikova, Agniya"]
[Black "Li, Kristen"]
[Result "1/2-1/2"]
[WhiteElo "1492"]
[BlackElo "1646"]
[PlyCount "80"]
[EventDate "2014.07.15"]
[EventType "swiss"]
[EventRounds "7"]
[EventCountry "CAN"]
[SourceTitle "EXT 2022"]
[Source "ChessBase"]
[SourceDate "2021.10.06"]
[SourceVersion "1"]
[SourceVersionDate "2021.10.06"]
[SourceQuality "1"]

1. e4 c5 2. b4 cxb4 3. a3 d5 4. exd5 Qxd5 5. Nf3 e5 6. c4 bxc3 7. Nxc3 Qa5 8. Bd3 Nf6 9. 0-0 Be7 10. Re1 Nc6 11. Bb5 e4 12. Nxe4 0-0 13. Bd3 Bg4 14. Bb2 Rad8 15. Bc3 Qh5 16. Bc2 Nd4 17. Neg5 Nxf3+ 18. Nxf3 Rde8 19. Ba4 b5 20. Bc2 Bc5 21. Rxe8 Rxe8 22. d4 Bb6 23. Qd3 a6 24. h3 Be6 25. Rb1 Bc4 26. Qd1 Be2 27. Qd2 Bxf3 28. gxf3 Qxf3 29. Qd3 Qh5 30. Qg3 Nd5 31. Bb2 Bc7 32. Qg4 Qh6 33. Kf1 Nf6 34. Qf3 Bh2 35. Kg2 Bf4 36. Kf1 Qg5 37. Qg2 Qh6 38. Qf3 Nd5 39. Re1 Rxe1+ 40. Kxe1 Nc7 1/2-1/2